|
|
|
|
| LEADER |
01829cas a2200277 a 4500 |
| 001 |
AALejournalIMF004450 |
| 008 |
230101c9999 xx r poo 0 0eng d |
| 020 |
|
|
|c 5.00 USD
|
| 020 |
|
|
|z 9781451864564
|
| 022 |
|
|
|a 1018-5941
|
| 040 |
|
|
|a BD-DhAAL
|c BD-DhAAL
|
| 100 |
1 |
|
|a Teo, Leslie.
|
| 245 |
1 |
0 |
|a Financial Integration in Asia :
|b Recent Developments and Next Steps /
|c Leslie Teo, David Cowen, Hemant Shah, Ranil Salgado.
|
| 264 |
|
1 |
|a Washington, D.C. :
|b International Monetary Fund,
|c 2006.
|
| 300 |
|
|
|a 1 online resource (61 pages)
|
| 490 |
1 |
|
|a IMF Working Papers
|
| 500 |
|
|
|a <strong>Off-Campus Access:</strong> No User ID or Password Required
|
| 500 |
|
|
|a <strong>On-Campus Access:</strong> No User ID or Password Required
|
| 506 |
|
|
|a Electronic access restricted to authorized BRAC University faculty, staff and students
|
| 520 |
3 |
|
|a This Working Paper brings together three papers prepared as background for discussions at the Second High-Level Conference on Asian Integration cohosted by the Monetary Authority of Singapore and the IMF on May 25, 2006. The first documents recent trends in the intraregional flow of goods and capital and explores linkages between real and financial integration. The second focuses on the institutional and regulatory reforms needed to reap the benefits-and contain the risks-of financial integration in Asia. The third considers the implications of economic integration for the choice of the exchange rate regime and the conduct of macroeconomic policies.
|
| 538 |
|
|
|a Mode of access: Internet
|
| 700 |
1 |
|
|a Cowen, David.
|
| 700 |
1 |
|
|a Salgado, Ranil.
|
| 700 |
1 |
|
|a Shah, Hemant.
|
| 830 |
|
0 |
|a IMF Working Papers; Working Paper ;
|v No. 2006/196
|
| 856 |
4 |
0 |
|z Full text available on IMF
|u http://elibrary.imf.org/view/journals/001/2006/196/001.2006.issue-196-en.xml
|z IMF e-Library
|